[Event "Royal op qual email"]
[Site "corr"]
[Date "1998.??.??"]
[Round "?"]
[White "Galligan, Brian"]
[Black "Wermelin, Leif"]
[Result "1-0"]
[WhiteElo "1875"]
[BlackElo "1750"]
[PlyCount "79"]
[EventDate "1998.??.??"]
[EventType "tourn (corr)"]
[EventRounds "9"]
[SourceTitle "E-Mail 2000"]
[Source "ChessBase"]
[SourceDate "2000.04.19"]
[SourceVersion "1"]
[SourceVersionDate "2000.04.19"]
[SourceQuality "1"]

1. d4 d5 2. c4 c6 3. cxd5 cxd5 4. Nc3 e6 5. Bf4 Be7 6. e3 Nd7 7. Rc1 a6 8. Qa4 Ngf6 9. Nb5 Kf8 10. Bc7 Qe8 11. Nd6 Bxd6 12. Bxd6+ Kg8 13. Bd3 Ne4 14. Bc7 Qe7 15. Ne2 Nb8 16. Bxe4 dxe4 17. Bd6 Qd8 18. Be7 Bd7 19. Qb4 Qe8 20. Qxb7 Bc6 21. Qc7 Bb5 22. Nc3 Bd3 23. d5 Nd7 24. Qd6 e5 25. Na4 Bb5 26. Nc5 Nxc5 27. Rxc5 Ra7 28. Rc7 Rxc7 29. Qxc7 f6 30. Bc5 h6 31. h3 Kh7 32. Qb7 f5 33. Rg1 Bd3 34. g4 Qb8 35. Qxb8 Rxb8 36. b4 f4 37. d6 Kg6 38. Kd2 Kf7 39. exf4 exf4 40. g5 1-0

[Event "Royal op qual email"]
[Site "corr"]
[Date "1998.??.??"]
[Round "?"]
[White "Wermelin, Leif"]
[Black "Malmquist, Glenn"]
[Result "1/2-1/2"]
[WhiteElo "1750"]
[BlackElo "2080"]
[PlyCount "64"]
[EventDate "1998.??.??"]
[EventType "tourn (corr)"]
[EventRounds "9"]
[SourceTitle "E-Mail 2000"]
[Source "ChessBase"]
[SourceDate "2000.04.19"]
[SourceVersion "1"]
[SourceVersionDate "2000.04.19"]
[SourceQuality "1"]

1. d4 Nf6 2. e3 d5 3. Be2 Bf5 4. Nd2 e6 5. c3 Nbd7 6. f3 e5 7. g4 Bg6 8. g5 Ng8 9. f4 exf4 10. exf4 h6 11. Ndf3 Be7 12. Bd3 Bxd3 13. Qxd3 c6 14. g6 Ngf6 15. Ne5 Nxe5 16. fxe5 Ne4 17. gxf7+ Kxf7 18. Qf3+ Ke8 19. Ne2 Bh4+ 20. Ng3 Rf8 21. Qh5+ Kd7 22. Qg4+ Kc7 23. Qxg7+ Kb6 24. Rf1 Rg8 25. Qxh6 Bxg3+ 26. hxg3 Rxg3 27. Bf4 Rg2 28. 0-0-0 Qe7 29. Rf3 Rag8 30. Kb1 Re2 31. Bc1 Rgg2 32. Qh8 Qg5 1/2-1/2